[Event "BCF-ch Major op"]
[Site "Torquay"]
[Date "2002.08.07"]
[Round "9"]
[White "Simons, Martin J"]
[Black "Frost, Nicholas"]
[Result "1-0"]
[WhiteElo "2258"]
[BlackElo "2108"]
[PlyCount "81"]
[EventDate "2002.07.29"]
[EventType "swiss"]
[EventRounds "9"]
[EventCountry "ENG"]
[SourceTitle "EXT 2008"]
[Source "ChessBase"]
[SourceDate "2007.11.25"]
[SourceVersion "1"]
[SourceVersionDate "2007.11.25"]
[SourceQuality "1"]

1. e4 e6 2. d3 c5 3. g3 Nc6 4. Bg2 g6 5. Nc3 Bg7 6. Be3 Nd4 7. Nce2 Ne7 8. c3 Nxe2 9. Nxe2 d6 10. d4 cxd4 11. Nxd4 a6 12. Qd2 0-0 13. Bh6 Nc6 14. Bxg7 Kxg7 15. Nc2 Qc7 16. Rd1 Rd8 17. Ne3 h5 18. 0-0 b5 19. f4 Bb7 20. f5 exf5 21. Nd5 Qb8 22. exf5 Ne5 23. f6+ Kh7 24. Qg5 Ra7 25. Be4 Rd7 26. Qxh5+ Kg8 27. Qh6 Qf8 28. Ne7+ Rxe7 29. Qxf8+ Kxf8 30. fxe7+ Kxe7 31. Bxb7 Rxb7 32. Rd4 f5 33. h3 Ke6 34. Kg2 Rb6 35. g4 fxg4 36. hxg4 Nc4 37. Rf2 Rb7 38. g5 Ne3+ 39. Kf3 Nc4 40. Kg3 Rg7 41. b3 1-0

[Event "Jersey op"]
[Site "St Helier"]
[Date "2002.02.27"]
[Round "4"]
[White "Frost, Nicholas"]
[Black "Goldberg, Menashe"]
[Result "1/2-1/2"]
[WhiteElo "2112"]
[BlackElo "2046"]
[PlyCount "55"]
[EventDate "2002.02.24"]
[EventType "swiss"]
[EventRounds "7"]
[EventCountry "JCI"]
[SourceTitle "CBM 086 Extra"]
[Source "ChessBase"]
[SourceDate "2002.03.14"]
[SourceVersion "1"]
[SourceVersionDate "2002.03.14"]
[SourceQuality "1"]

1. e4 c6 2. d4 d5 3. e5 Bf5 4. Nc3 e6 5. g4 Bg6 6. Nge2 Bb4 7. Bg2 Qh4 8. h3 h5 9. Ng3 Nd7 10. Be3 0-0-0 11. Qd2 Qe7 12. a3 Ba5 13. b4 Bc7 14. Na4 f6 15. f4 hxg4 16. hxg4 Rxh1+ 17. Nxh1 fxe5 18. dxe5 Qh4+ 19. Nf2 Qg3 20. Bf1 Bxc2 21. Nc5 Bb6 22. Rc1 Nxc5 23. Bxc5 Bxc5 24. bxc5 Ba4 25. Rc3 Qg1 26. Rh3 Bb5 27. Rh1 Qg3 28. Rh3 1/2-1/2

[Event "BCF-ch 88th"]
[Site "Scarborough"]
[Date "2001.08.10"]
[Round "11"]
[White "Frost, Nicholas"]
[Black "Ledger, Stephen C"]
[Result "1/2-1/2"]
[WhiteElo "2141"]
[BlackElo "2196"]
[PlyCount "30"]
[EventDate "2001.07.30"]
[EventType "swiss"]
[EventRounds "11"]
[EventCountry "ENG"]
[SourceTitle "CBM 083 Extra"]
[Source "ChessBase"]
[SourceDate "2001.09.11"]
[SourceVersion "1"]
[SourceVersionDate "2001.09.11"]
[SourceQuality "1"]

1. e4 c5 2. Nc3 Nc6 3. g3 g6 4. Bg2 Bg7 5. d3 d6 6. Be3 e6 7. Qd2 Rb8 8. Nge2 b5 9. 0-0 b4 10. Nd1 Nd4 11. c3 Nxe2+ 12. Qxe2 bxc3 13. bxc3 Ne7 14. Qd2 Ba6 15. Re1 0-0 1/2-1/2

[Event "BCF-ch 88th"]
[Site "Scarborough"]
[Date "2001.08.04"]
[Round "6"]
[White "Frost, Nicholas"]
[Black "Snape, Ian L"]
[Result "0-1"]
[WhiteElo "2141"]
[BlackElo "2160"]
[PlyCount "134"]
[EventDate "2001.07.30"]
[EventType "swiss"]
[EventRounds "11"]
[EventCountry "ENG"]
[SourceTitle "CBM 083 Extra"]
[Source "ChessBase"]
[SourceDate "2001.09.11"]
[SourceVersion "1"]
[SourceVersionDate "2001.09.11"]
[SourceQuality "1"]

1. e4 c5 2. Nc3 g6 3. g3 Bg7 4. Bg2 Nc6 5. d3 d6 6. f4 e6 7. Nf3 Nge7 8. 0-0 0-0 9. Be3 Nd4 10. e5 dxe5 11. Nxe5 Rb8 12. Ne4 b6 13. c3 Ndf5 14. Bf2 Qc7 15. g4 Nd5 16. gxf5 exf5 17. Qf3 fxe4 18. Qxe4 Nxf4 19. Nc6 Bb7 20. Bg3 Bxc6 21. Qxc6 Ne2+ 22. Kf2 Qxc6 23. Bxc6 Nxg3 24. hxg3 Rbd8 25. Bb5 Ra8 26. Rae1 a6 27. Bc6 Ra7 28. Re3 Rc7 29. Be8 b5 30. a3 b4 31. axb4 cxb4 32. Kg2 bxc3 33. bxc3 Bxc3 34. Rc1 Bd2 35. Rxc7 Bxe3 36. Re7 Bc5 37. Re5 Bd6 38. Re2 Kg7 39. d4 f5 40. Bc6 a5 41. Kf3 Rb8 42. Re3 Rb4 43. d5 Re4 44. Rb3 g5 45. Rb7+ Re7 46. Rb5 g4+ 47. Kf2 a4 48. Ra5 a3 49. Bb5 Bc5+ 50. Kg2 Ra7 51. Ba6 Bd6 52. Ra4 Kf6 53. Kf2 h5 54. Kg2 Kg5 55. Kf2 h4 56. gxh4+ Kxh4 57. Kg2 f4 58. Kh2 f3+ 59. Kg1 Kg3 60. Kf1 Rh7 61. Ke1 Rh1+ 62. Bf1 Rh2 63. Bc4 Rb2 64. Ra6 Bf4 65. Bd3 a2 66. Rxa2 Rxa2 67. Bb1 Ra1 0-1

[Event "BCF-ch 88th"]
[Site "Scarborough"]
[Date "2001.08.03"]
[Round "5"]
[White "Frost, Nicholas"]
[Black "Buckley, David"]
[Result "0-1"]
[WhiteElo "2141"]
[BlackElo "2172"]
[PlyCount "46"]
[EventDate "2001.07.30"]
[EventType "swiss"]
[EventRounds "11"]
[EventCountry "ENG"]
[SourceTitle "CBM 083 Extra"]
[Source "ChessBase"]
[SourceDate "2001.09.11"]
[SourceVersion "1"]
[SourceVersionDate "2001.09.11"]
[SourceQuality "1"]

1. e4 Nf6 2. e5 Nd5 3. d4 d6 4. c4 Nb6 5. exd6 cxd6 6. Nc3 g6 7. h3 Bg7 8. Nf3 0-0 9. Be3 Nc6 10. Be2 Bf5 11. 0-0 d5 12. c5 Nc4 13. Bxc4 dxc4 14. Qa4 e5 15. Qxc4 exd4 16. Rad1 Be6 17. Qa4 Bd7 18. Bg5 f6 19. Qb3+ Kh8 20. Bf4 dxc3 21. Qxb7 Rf7 22. Rxd7 Qxd7 23. Qxa8+ Rf8 0-1

[Event "BCF-chT2 0001 (4NCL)"]
[Site "Birmingham"]
[Date "2001.03.17"]
[Round "7.5"]
[White "Kennaugh, Charles"]
[Black "Frost, Nicholas"]
[Result "1/2-1/2"]
[WhiteElo "2247"]
[BlackElo "2141"]
[PlyCount "124"]
[EventDate "2000.11.26"]
[EventType "team-tourn"]
[EventRounds "11"]
[EventCountry "ENG"]
[SourceTitle "CBM 079 Extra"]
[Source "ChessBase"]
[SourceDate "2001.01.11"]
[SourceVersion "2"]
[SourceVersionDate "2001.01.25"]
[SourceQuality "1"]
[WhiteTeam "NW Eagles"]
[BlackTeam "PER"]
[WhiteTeamCountry "ENG"]
[BlackTeamCountry "ENG"]

1. e4 e6 2. Qe2 c5 3. b3 Nc6 4. Bb2 Nd4 5. Qd3 e5 6. f4 d6 7. Nf3 Qc7 8. Nc3 Ne7 9. 0-0-0 Bd7 10. Qe3 0-0-0 11. Ng5 Bg4 12. Re1 f6 13. Qg3 h5 14. Nf7 Nef5 15. exf5 Qxf7 16. Bc4 Qd7 17. Bd5 Bxf5 18. d3 g6 19. Kb1 Bh6 20. Bc1 Ne6 21. fxe5 fxe5 22. Bxh6 Rxh6 23. Rhf1 h4 24. Qe3 Rh7 25. g3 Nc7 26. Be4 hxg3 27. hxg3 Rf7 28. g4 Bxe4 29. Nxe4 Nd5 30. Qg5 Nf4 31. Nf6 Qc6 32. Rxf4 exf4 33. Qxg6 Qc7 34. Qf5+ Kb8 35. Qxf4 d5 36. Qf5 Qd6 37. g5 c4 38. Re6 Qc5 39. Qe5+ Qc7 40. Nxd5 Qxe5 41. Rxe5 cxd3 42. cxd3 Rf2 43. g6 Rh8 44. Re1 Rg2 45. Nf4 Rg4 46. Re4 Rh2 47. Re2 Rh1+ 48. Kb2 Rf1 49. Re4 Kc8 50. Kc3 Kd7 51. Kd4 Kd6 52. Re6+ Kd7 53. Re4 Kd6 54. Re6+ Kd7 55. Rf6 Re1 56. a4 Ke7 57. Rf7+ Ke8 58. Rf5 Re6 59. g7 Reg6 60. Ke5 Rxg7 61. Ne6 R7g6 62. d4 Rxe6+ 1/2-1/2

[Event "Portsmouth op"]
[Site "Portsmouth"]
[Date "2001.??.??"]
[Round "1"]
[White "Frost, Nicholas"]
[Black "Wheeler, John Francis"]
[Result "1-0"]
[WhiteElo "2141"]
[BlackElo "2206"]
[PlyCount "61"]
[EventDate "2001.03.??"]
[EventType "swiss"]
[EventRounds "6"]
[EventCountry "ENG"]
[SourceTitle "CBM 081 Extra"]
[Source "ChessBase"]
[SourceDate "2001.05.06"]
[SourceVersion "1"]
[SourceVersionDate "2001.05.06"]
[SourceQuality "1"]

1. e4 c6 2. d4 d5 3. e5 Bf5 4. Nc3 e6 5. g4 Bg6 6. Nge2 h6 7. Be3 c5 8. Qd2 Nc6 9. 0-0-0 c4 10. f4 Bb4 11. f5 exf5 12. Nf4 Nge7 13. e6 Qa5 14. gxf5 Bxf5 15. exf7+ Kxf7 16. Bg2 Bxc3 17. bxc3 Rhf8 18. Kb1 Rad8 19. Nh5 Rd6 20. Rhg1 g5 21. Rdf1 Kg8 22. Bh1 b5 23. Bxg5 hxg5 24. Qxg5+ Rg6 25. Qh6 Bxc2+ 26. Kb2 Rf7 27. Bxd5 Nxd5 28. Rxg6+ Bxg6 29. Qxg6+ Kh8 30. Qh6+ Kg8 31. Rg1+ 1-0

[Event "BCF-ch 87th"]
[Site "Millfield"]
[Date "2000.08.04"]
[Round "5"]
[White "Frost, Nicholas"]
[Black "Simons, Martin J"]
[Result "0-1"]
[WhiteElo "2164"]
[BlackElo "2226"]
[PlyCount "80"]
[EventDate "2000.07.31"]
[EventType "swiss"]
[EventRounds "11"]
[EventCountry "ENG"]
[SourceTitle "CBM 077 Extra"]
[Source "ChessBase"]
[SourceDate "2000.09.14"]
[SourceVersion "1"]
[SourceVersionDate "2000.09.14"]
[SourceQuality "1"]

1. e4 Nc6 2. d4 e5 3. Nf3 exd4 4. Nxd4 Nf6 5. Nxc6 bxc6 6. e5 Qe7 7. Qe2 Nd5 8. c4 Ba6 9. b3 0-0-0 10. Bb2 f6 11. g3 fxe5 12. Bg2 g6 13. 0-0 Bg7 14. Qd2 Qb4 15. cxd5 Qxd2 16. Nxd2 Bxf1 17. Rxf1 cxd5 18. Bxd5 c6 19. Bg2 Rhe8 20. Re1 d5 21. Nf3 e4 22. Bxg7 exf3 23. Rxe8 Rxe8 24. Bxf3 Re1+ 25. Kg2 Rc1 26. Bg4+ Kb7 27. Kf3 Rc2 28. b4 Rxa2 29. Be6 Ra3+ 30. Ke2 Ra4 31. Bf8 a5 32. bxa5 Re4+ 33. Kd3 Rxe6 34. Bc5 Ka6 35. Bb6 Kb5 36. h4 c5 37. f3 d4 38. h5 Re3+ 39. Kd2 Rxf3 40. hxg6 hxg6 0-1

[Event "Glorney Cup"]
[Site "Dublin"]
[Date "2000.07.25"]
[Round "3"]
[White "Frost, Nicholas"]
[Black "Blackburn, Jonathan LB"]
[Result "1-0"]
[WhiteElo "2164"]
[BlackElo "2143"]
[PlyCount "63"]
[EventDate "2000.07.24"]
[EventType "team-tourn"]
[EventRounds "5"]
[EventCountry "IRL"]
[SourceTitle "EXT 2001"]
[Source "ChessBase"]
[SourceDate "2000.11.22"]
[SourceVersion "1"]
[SourceVersionDate "2000.11.22"]
[SourceQuality "1"]

1. e4 e6 2. d4 d5 3. e5 c5 4. c3 Nc6 5. Nf3 Qb6 6. Be2 cxd4 7. cxd4 Nge7 8. b3 Nf5 9. Bb2 Bb4+ 10. Kf1 h5 11. Nc3 Bd7 12. Na4 Qd8 13. h4 a6 14. Rc1 b6 15. g3 Be7 16. Kg2 g6 17. Nc3 f6 18. Re1 fxe5 19. dxe5 Qb8 20. Nxd5 Rf8 21. Nf4 Qb7 22. Nxg6 Rg8 23. Nxe7 Ncxe7 24. Kh2 Rd8 25. Ng5 Bc6 26. Bxh5+ Ng6 27. Bxg6+ Rxg6 28. Qh5 Ne7 29. Red1 Rxd1 30. Rxd1 Bd5 31. Ba3 Be4 32. Bxe7 1-0

[Event "Smith & Williamson YM-B 10th"]
[Site "Witley"]
[Date "2000.07.19"]
[Round "6"]
[White "Frost, Nicholas"]
[Black "Shaw, David A"]
[Result "1-0"]
[WhiteElo "2164"]
[BlackElo "2092"]
[PlyCount "69"]
[EventDate "2000.07.17"]
[EventType "swiss"]
[EventRounds "11"]
[EventCountry "ENG"]
[SourceTitle "EXT 2001"]
[Source "ChessBase"]
[SourceDate "2000.11.22"]
[SourceVersion "1"]
[SourceVersionDate "2000.11.22"]
[SourceQuality "1"]

1. e4 e6 2. d4 d5 3. e5 c5 4. c3 Qb6 5. Nf3 Nc6 6. Be2 cxd4 7. cxd4 Nh6 8. b3 Bb4+ 9. Kf1 Nf5 10. Bb2 Bd7 11. Nc3 Rc8 12. Na4 Qa5 13. a3 Be7 14. b4 Nxb4 15. axb4 Qxb4 16. Qe1 b5 17. Qxb4 Bxb4 18. Nc5 Bxc5 19. dxc5 Ra8 20. Ra5 a6 21. g3 0-0 22. Kg2 Ra7 23. Rha1 Rfa8 24. c6 Bxc6 25. Bd4 Rc7 26. Rxa6 Rac8 27. Rc1 Kf8 28. Bb6 Rb7 29. Bxb5 Bd7 30. Rxc8+ Bxc8 31. Bc5+ Kg8 32. Ra8 Rc7 33. Bd6 Rc2 34. Ba6 Ne3+ 35. Kh3 1-0

[Event "BCF-chT2 9900 (4NCL)"]
[Site "Birmingham"]
[Date "2000.04.29"]
[Round "9.6"]
[White "Frost, Nicholas"]
[Black "Willmoth, Robert"]
[Result "1-0"]
[WhiteElo "2109"]
[BlackElo "2215"]
[PlyCount "93"]
[EventDate "1999.10.??"]
[EventType "team-tourn"]
[EventRounds "11"]
[EventCountry "ENG"]
[SourceTitle "EXT 2001"]
[Source "ChessBase"]
[SourceDate "2000.11.22"]
[SourceVersion "1"]
[SourceVersionDate "2000.11.22"]
[SourceQuality "1"]
[WhiteTeam "Perceptron Youth"]
[BlackTeam "Wessex"]
[WhiteTeamCountry "ENG"]
[BlackTeamCountry "ENG"]

1. e4 d6 2. Nc3 Nf6 3. g3 c6 4. Bg2 Nbd7 5. d3 e5 6. Nge2 Be7 7. 0-0 0-0 8. h3 b5 9. a3 Re8 10. Be3 Bb7 11. f4 d5 12. fxe5 Nxe5 13. Bf4 Ng6 14. e5 Nd7 15. d4 a5 16. Qd2 b4 17. Nd1 Qb6 18. Kh2 f6 19. axb4 Bxb4 20. c3 Bf8 21. exf6 Nxf6 22. Nf2 Ba6 23. Rfe1 Bxe2 24. Rxe2 Rxe2 25. Qxe2 Nxf4 26. gxf4 Re8 27. Qd2 Bd6 28. Nd3 Qc7 29. Ne5 c5 30. Re1 c4 31. Bf3 Rb8 32. Qg2 Rb5 33. Re2 Qb8 34. h4 Qc8 35. Qg5 h6 36. Qg6 Qe8 37. Qf5 Bxe5 38. fxe5 Qd7 39. Qf4 Ne8 40. Rf2 Qe7 41. Bh5 Rb7 42. Qg3 Qe6 43. Qf3 Kh7 44. Bf7 Qe7 45. Qh5 Nc7 46. Rf6 Ne8 47. Rxh6+ 1-0

[Event "BCF-chT2 9900 (4NCL)"]
[Site "Birmingham"]
[Date "2000.03.26"]
[Round "8.6"]
[White "De Coverly, Roger D"]
[Black "Frost, Nicholas"]
[Result "1-0"]
[WhiteElo "2096"]
[BlackElo "2109"]
[PlyCount "79"]
[EventDate "1999.10.??"]
[EventType "team-tourn"]
[EventRounds "11"]
[EventCountry "ENG"]
[SourceTitle "EXT 2001"]
[Source "ChessBase"]
[SourceDate "2000.11.22"]
[SourceVersion "1"]
[SourceVersionDate "2000.11.22"]
[SourceQuality "1"]
[WhiteTeam "Slough II"]
[BlackTeam "Perceptron Youth"]
[WhiteTeamCountry "ENG"]
[BlackTeamCountry "ENG"]

1. e4 e6 2. d3 c5 3. Nf3 Nc6 4. g3 g6 5. Bg2 Bg7 6. 0-0 Nge7 7. Nc3 0-0 8. Bd2 d6 9. Rb1 Rb8 10. a3 Nd4 11. Nh4 b6 12. Ne2 f5 13. c3 Ndc6 14. f4 Ba6 15. Be1 d5 16. e5 c4 17. d4 b5 18. h3 Bc8 19. g4 a5 20. gxf5 Nxf5 21. Nxf5 Rxf5 22. Ng3 Rf7 23. Qg4 Ne7 24. h4 h5 25. Qe2 Qf8 26. Bd2 Bh6 27. f5 Nxf5 28. Nxf5 gxf5 29. Kh1 Bxd2 30. Qxd2 Qe7 31. Qf4 Kf8 32. Bf3 Rh7 33. Rg1 Qf7 34. Rg5 Ke7 35. Rbg1 Rb7 36. Rg6 Kd8 37. Rg8+ Kd7 38. R1g6 Qe7 39. Bxd5 exd5 40. Qxf5+ 1-0

[Event "BCF-chT2 9900 (4NCL)"]
[Site "Birmingham"]
[Date "1999.10.10"]
[Round "2.6"]
[White "Fletcher, John T"]
[Black "Frost, Nicholas"]
[Result "0-1"]
[WhiteElo "2100"]
[BlackElo "2040"]
[PlyCount "102"]
[EventDate "1999.10.??"]
[EventType "team-tourn"]
[EventRounds "11"]
[EventCountry "ENG"]
[SourceTitle "EXT 2001"]
[Source "ChessBase"]
[SourceDate "2000.11.22"]
[SourceVersion "1"]
[SourceVersionDate "2000.11.22"]
[SourceQuality "1"]
[WhiteTeam "Gwent Dragons"]
[BlackTeam "Perceptron Youth"]
[WhiteTeamCountry "ENG"]
[BlackTeamCountry "ENG"]

1. d4 e6 2. e4 d5 3. Nc3 Nf6 4. Bg5 Be7 5. e5 Nfd7 6. Bxe7 Qxe7 7. f4 a6 8. Qd2 b6 9. Nf3 c5 10. Ne2 Nc6 11. c3 Bb7 12. g3 f5 13. Rg1 g6 14. g4 0-0-0 15. gxf5 gxf5 16. Ng3 Rhg8 17. Bd3 Kb8 18. Kf2 h6 19. Rg2 Rg4 20. Rag1 Rdg8 21. h3 R4g6 22. Kf1 R6g7 23. a3 Qe8 24. Qf2 c4 25. Bc2 Kc7 26. Bd1 b5 27. Nd2 a5 28. Nh5 Rxg2 29. Rxg2 Qf8 30. Rxg8 Qxg8 31. Qg2 Qxg2+ 32. Kxg2 Kd8 33. Ng7 Ke7 34. Bh5 Nb6 35. Bd1 b4 36. Bc2 Bc8 37. axb4 axb4 38. Nb1 b3 39. Bd1 Na4 40. Kf2 Nxb2 41. Be2 Bd7 42. Nh5 Na7 43. Ke3 Na4 44. Ng3 Nb5 45. Kd2 b2 46. Kc2 Nbxc3 47. Nxc3 Nxc3 48. Kxb2 Nb5 49. Bd1 Nxd4 50. Kc3 Nc6 51. Ba4 Nxe5 0-1